000
00286nam a2200121Ia 4500
082
_a
615.4
_b
M12S
100
_a
SETHI, P.D.
245
_a
HIGH PERFORMANCE LIQUID CHROMATOGRAPHY IN FOOD ANALYSIS -I
260
_b
CBS- DELHI
300
_a
895
650
_a
CHROMATOGRAPGY
942
_2
ddc
_c
BK
999
_c
7143
_d
7143